[Event "UGA-ch"]
[Site "Kampala"]
[Date "2011.12.05"]
[Round "1"]
[White "Tabula, Bashir"]
[Black "Otete, Albert"]
[Result "0-1"]
[WhiteElo "1950"]
[BlackElo "1995"]
[PlyCount "36"]
[EventDate "2011.12.05"]
[EventType "swiss"]
[EventRounds "10"]
[EventCountry "UGA"]
[SourceTitle "EXT 2013"]
[Source "ChessBase"]
[SourceDate "2012.11.22"]
[SourceVersion "1"]
[SourceVersionDate "2012.11.22"]
[SourceQuality "1"]

1. e4 c5 2. Nc3 d6 3. Nf3 Nc6 4. d3 Nf6 5. Bg5 e6 6. Qd2 Be7 7. h3 h6 8. Bh4 Bd7 9. 0-0-0 a6 10. Nh2 0-0 11. f3 b5 12. a4 b4 13. Na2 Nd4 14. b3 Qa5 15. Ng4 Bxa4 16. Nxf6+ Bxf6 17. Qxh6 Bxb3 18. cxb3 Qxa2 0-1